The return of grand theory in the human sciences

Αποθηκεύτηκε σε:
Λεπτομέρειες βιβλιογραφικής εγγραφής
Άλλοι συγγραφείς: Skinner, Quentin (Επιμελητής έκδοσης)
Μορφή: Βιβλίο
Γλώσσα:English
Δημοσίευση: Cambridge : Cambridge University Press, 1991.
Θέματα:
Ετικέτες: Προσθήκη ετικέτας
Δεν υπάρχουν, Καταχωρήστε ετικέτα πρώτοι!

MARC

LEADER 00000cam a2200000 i 4500
001 1/98509
008 950316s1991 enk| ||| |||| ||eng||
020 |a 0521398339 
035 |l 10010959 
040 |a GR-MyUA  |b gre  |e AACR2 
041 0 |a eng 
082 0 |a 300.1 
245 1 4 |a The return of grand theory in the human sciences /   |c edited by Quentin Skinner.  
260 |a Cambridge :   |b Cambridge University Press,   |c 1991.  
300 |a 211 σ.  
504 |a Περιέχει βιβλιογραφικές αναφορές και ευρετήριο.  
650 0 0 |a Social sciences. 
700 1 |a Skinner, Quentin,  |e edt 
767 0 8 |i Μεταφρασμένο ως:   |t Μετά τον εμπειρισμό :  
852 |a INST  |b LESVOS  |e 19950316  |h 300.1 RET  |p 005100002363  |q 005100002363  |t BK  |y 0 
909 |a Λ  |b 039716